Vista normal
Vista MARC
Entrada Materia (tema)
Número de registros utilizados en: 1
001 - CONTROL NUMBER
- control field: 189544
003 - CONTROL NUMBER IDENTIFIER
- control field: Co-BoUCM
005 - DATE AND TIME OF LATEST TRANSACTION
- control field: 20260601102759.0
008 - FIXED-LENGTH DATA ELEMENTS
- fixed length control field: 260601|| aca||aabn | a|a d
040 ## - CATALOGING SOURCE
- Original cataloging agency: Co-BoUCM
- Transcribing agency: Co-BoUCM
150 ## - HEADING--TOPICAL TERM
- Topical term or geographic name as entry element: Muiscas
- Form subdivision: Historia
- General subdivision: Vida religiosa
- Chronological subdivision: Siglo XVI
670 ## - SOURCE DATA FOUND
- Source citation: Work cat.: (Co-BoUCM)326465: Cobo Betancourt, Juan F 189543, La venida del reino : , 2026